La didáctica y la dificultad en matemática : (Record no. 193579)

MARC details
000 -CABECERA
campo de control de longitud fija 00800nam a2200229 u 4500
005 - FECHA Y HORA DE LA ÚLTIMA TRANSACCIÓN
campo de control 20240925063820.0
008 - ELEMENTOS DE LONGITUD FIJA--INFORMACIÓN GENERAL
campo de control de longitud fija 171107s2013 mx r 000 0 spa d
020 ## - NÚMERO INTERNACIONAL NORMALIZADO PARA LIBROS
Número Internacional Estándar del Libro 9786078345472
035 ## - NÚMERO DE CONTROL DEL SISTEMA
Número de control de sistema UPN01000221482
049 ## - COLECCIÓN
Colección CG
050 #4 - SIGNATURA TOPOGRÁFICA DE LA BIBLIOTECA DEL CONGRESO
Número de clasificación QA11.2
Número de documento/Ítem D5.3
245 03 - MENCIÓN DE TÍTULO
Título La didáctica y la dificultad en matemática :
Resto del título análisis de situaciones con falta de aprendizaje /
Mención de responsabilidad, etc. Bruno D´Amore ... [et al.] ; tr. Marcela Ferrari.
260 ## - PUBLICACIÓN, DISTRIBUCIÓN, ETC.
Lugar de publicación, distribución, etc. México :
Nombre del editor, distribuidor, etc. Nueva Editorial Iztaccíhualt,
Fecha de publicación, distribución, etc. 2013.
300 ## - DESCRIPCIÓN FÍSICA
Extensión 206 p. :
Otras características físicas il., figs.
440 #0 - MENCIÓN DE SERIE/ASIENTO SECUNDARIO--TÍTULO
Título Didácticas
650 #4 - ASIENTO SECUNDARIO DE MATERIA - TERMINO TEMATICO
Término de materia o nombre geográfico como elemento de entrada Matemáticas
Subdivisión general Estudio y enseñanza
9 (RLIN) 3601
650 #4 - ASIENTO SECUNDARIO DE MATERIA - TERMINO TEMATICO
Término de materia o nombre geográfico como elemento de entrada Proceso enseñanza-aprendizaje
9 (RLIN) 42
650 #4 - ASIENTO SECUNDARIO DE MATERIA - TERMINO TEMATICO
Término de materia o nombre geográfico como elemento de entrada Problemas de aprendizaje
9 (RLIN) 5379
700 1# - ASIENTO SECUNDARIO--NOMBRE DE PERSONAL
Nombre de persona D'Amore, Bruno,
Fechas asociadas al nombre 1946-
Término indicativo de función/relación coaut.
9 (RLIN) 34756
905 ## - TIPO DE MATERIAL
Tipo de material Libro
Holdings
Estado de retiro Estado de pérdida Fuente del sistema de clasificación o colocación Estado dañado No para préstamo Código de colección Localización permanente Ubicación/localización actual Ubicación en estantería Total de préstamos Clasificación Código de barras Fecha visto por última vez Número de copia Tipo de ítem Koha
    Library of Congress Classification     Colección General Bib. Gregorio Torres Quintero Bib. Gregorio Torres Quintero Planta baja 1 QA11.2 D5.3 320713 31/12/2020 1 Libro
    Library of Congress Classification     Colección General Bib. Gregorio Torres Quintero Bib. Gregorio Torres Quintero Planta baja 2 QA11.2 D5.3 320712 31/12/2020 1 Libro
    Library of Congress Classification     Colección General Bib. Gregorio Torres Quintero Bib. Gregorio Torres Quintero Planta baja   QA11.2 D5.3 320711 31/12/2020 1 Libro